header

Running Microsoft FrontPage 2000 / (Record no. 250292)

MARC details
000 -LEADER
fixed length control field 01087pam a2200313 a 4500
001 - CONTROL NUMBER
control field 1200213
003 - CONTROL NUMBER IDENTIFIER
control field OSt
005 - DATE AND TIME OF LATEST TRANSACTION
control field 20151008082409.0
008 - FIXED-LENGTH DATA ELEMENTS--GENERAL INFORMATION
fixed length control field 981028s1999 waua 001 0 eng
010 ## - LIBRARY OF CONGRESS CONTROL NUMBER
LC control number 98043585
020 ## - INTERNATIONAL STANDARD BOOK NUMBER
International Standard Book Number 157231947X (pbk./CDROM)
040 ## - CATALOGING SOURCE
Original cataloging agency DLC
Transcribing agency DLC
Modifying agency DLC
050 04 - LIBRARY OF CONGRESS CALL NUMBER
Classification number TK5105.8885.M53
Item number B89 1999
082 00 - DEWEY DECIMAL CLASSIFICATION NUMBER
Classification number 005.7/2
Edition number 21
100 1# - MAIN ENTRY--PERSONAL NAME
Personal name Buyens, Jim.
245 10 - TITLE STATEMENT
Title Running Microsoft FrontPage 2000 /
Statement of responsibility, etc Jim Buyens.
246 30 - VARYING FORM OF TITLE
Title proper/short title Microsoft FrontPage 2000
Title proper/short title FrontPage 2000
260 ## - PUBLICATION, DISTRIBUTION, ETC. (IMPRINT)
Place of publication, distribution, etc Redmond, Wash. :
Name of publisher, distributor, etc Microsoft Press,
Date of publication, distribution, etc c1999.
300 ## - PHYSICAL DESCRIPTION
Extent xlii, 836 p. :
Other physical details ill. ;
Dimensions 24 cm. +
Accompanying material 1 computer laser optical disc (4 3/4 in.)
500 ## - GENERAL NOTE
General note Includes index.
538 ## - SYSTEM DETAILS NOTE
System details note System requirements for accompanying computer disc: Windows 95/98.
630 00 - SUBJECT ADDED ENTRY--UNIFORM TITLE
Uniform title Microsoft FrontPage.
650 #0 - SUBJECT ADDED ENTRY--TOPICAL TERM
Topical term or geographic name as entry element Web sites
General subdivision Design.
Topical term or geographic name as entry element Web publishing.
906 ## - LOCAL DATA ELEMENT F, LDF (RLIN)
a 7
b cbc
c orignew
d 1
e ocip
f 19
g y-gencatlg
942 ## - ADDED ENTRY ELEMENTS (KOHA)
Source of classification or shelving scheme Library of Congress Classification
Koha item type Long Loan Books
Holdings
Withdrawn status Lost status Source of classification or shelving scheme Damaged status Not for loan Collection code Home library Current library Shelving location Date acquired Total Checkouts Full call number Barcode Date last seen Price effective from Koha item type
    Library of Congress Classification     Non-fiction Rongo University Library Rongo University Library General Stacks 08/10/2015   TK5105.8885.M53 B89 1999 20157003 08/10/2015 08/10/2015 Long Loan Books

© 2026 Rongo University
Contact us: librarian | system librarian | Rongo university